00808nam a2200181 a 450000100100000000500170001000800410002704000250006810000340009324500580012726000430018530000360022804900090026495201200027395201050039395201110049899900170060900002658720200930030310.0110323s1990 dr ac 000 0 spa d aDO-SdBNPbspacBNPHU1 aArmenteros S., Ernesto95369710aEntre las nieblas del recuerdo /cErnesto Armenteros. aSanto Domingo :bEditorial Rex,c1990. a277 p. :bil., retrs. ;c21 cm. aBNPD 001054708DSaGRbGRcHDd2015-04-08iLF1l0o p26587-30r2020-06-25te. 3w2020-06-25yLFDSZPréstamo en sala 0010718PDaPDbPDcHDd2011-03-23iLF1l0o p26587-10r2020-06-25w2020-06-25yLFPDZNo se presta 0010718PDaPDbPDcHDd2011-04-06iLF1l0o p26587-20r2020-06-25te. 2w2020-06-25yLFPDZNo se presta c26079d26079